Cuestiones y problemas de química orgánica

Uloženo v:
Podrobná bibliografie
Hlavní autor: Ongley, Patrick Augustine (autor)
Médium: Kniha
Jazyk:španělština
Vydáno: Zaragoza Acribia 1967
Témata:
Tagy: Přidat tag
Žádné tagy, Buďte první, kdo vytvoří štítek k tomuto záznamu!

MARC

LEADER 00000nam a2200000 a 4500
001 UCR4958
003 CL-VaPUC
008 980320e19670000SP |||||||||||||||||spa|d
082 0 4 |a 547  |b ONG  |2 21 
100 |a Ongley, Patrick Augustine  |e autor  |9 405587 
245 1 0 |a Cuestiones y problemas de química orgánica 
300 |a 155 p 
942 |c BK 
945 |d 19980320 00:00:00  |a crobeson 
260 |a Zaragoza  |b Acribia  |c 1967 
650 0 |a Química orgánica   |9 259426 
650 7 |a PREGUNTAS  |2 CL-VaPUC  |9 405588 
650 7 |a RESPUESTAS  |2 CL-VaPUC  |9 405589 
583 |a last modification  |c 19980320 00:00:00  |k Rodrigo Vera 
999 |c 267735  |d 267733 
952 |0 0  |1 0  |4 0  |6 547_000000000000000_ONG_1967  |7 0  |8 A  |9 300246  |a BIBALI  |b BIBALI  |c GEN  |d 2019-11-20  |i 1968904  |o 547 ONG 1967  |p 1968904  |r 2025-01-20  |w 2019-11-20  |y BK  |k ALI